000 00437nam a2200193Ia 4500
005 20250603144619.0
008 250603s9999 xx 000 0 und d
020 _a9789789251599
050 _aHD 30.28 .A46/
100 _aAloku, Michael et al.
245 0 _aBusiness policy & strategy
250 _a3rd ed.
260 _aLagos
260 _bLaernAfrica
260 _c2004
300 _a270 p
650 _aLagos
942 _cBK
999 _c39440
_d39440